| 000 -LEADER |
| fixed length control field |
00488nam a22001577a 4500 |
| 008 - FIXED-LENGTH DATA ELEMENTS--GENERAL INFORMATION |
| fixed length control field |
200612b ||||| |||| 00| 0 eng d |
| 082 00 - DEWEY DECIMAL CLASSIFICATION NUMBER |
| Classification number |
623.865 |
| Item number |
L429 |
| 100 ## - MAIN ENTRY--PERSONAL NAME |
| 9 (RLIN) |
2831 |
| Personal name |
Layton, C .W. T. |
| 245 10 - TITLE STATEMENT |
| Title |
Ship's Lifeboats : a handbook for the Ministry of Transport examination for certificates in lifeboat efficiency |
| 250 ## - EDITION STATEMENT |
| Edition statement |
4th ed. |
| 260 ## - PUBLICATION, DISTRIBUTION, ETC. (IMPRINT) |
| Place of publication, distribution, etc |
Glasgow |
| Name of publisher, distributor, etc |
Brown,son & Ferguson |
| Date of publication, distribution, etc |
1956 |
| 300 ## - PHYSICAL DESCRIPTION |
| Extent |
82p. |
| 365 ## - TRADE PRICE |
| Unit of pricing |
1.32 |
| 650 #0 - SUBJECT ADDED ENTRY--TOPICAL TERM |
| Topical term or geographic name as entry element |
Seamanship |
| 942 ## - ADDED ENTRY ELEMENTS (KOHA) |
| Item type |
Books |